| 000 | 00597nam a2200193 a 4500 | ||
|---|---|---|---|
| 005 | 20220621180628.0 | ||
| 008 | 991125s1994 mx 000 0 spa u | ||
| 020 | _a968296024X | ||
| 035 | _aUPN01000007548 | ||
| 049 | _aCG | ||
| 050 | 4 | _aPQ7297 CH42 | |
| 245 | 0 | 0 |
_aChiapas voces particulares : _bpoesía, narrativa y teatro (siglos XIX-XX) / _cSelec. prólog. y notas de Malva Flores |
| 260 |
_aMéxico : _bCNCA, _c1994 |
||
| 300 | _a381 p | ||
| 440 | 0 | _aLetras de la República | |
| 650 | 0 |
_aLiteratura mexicana (Selecciones, extractos, etc.) _920984 |
|
| 904 |
_aAC _b007548 |
||
| 905 | _aLibro | ||
| 999 |
_c7548 _d7548 |
||